Project Sekai songs - Easy - Statistiques

Statistiques générales
  • Ce quiz a été pris 43 fois
    5 depuis la dernière actualisation
  • Le résultat moyen est 8 sur 362
Statistiques - réponses
MV Hint Réponse % Correct
2D MV Kanade 5th Focus DNA
40%
3D MV Leo/need 1st Focus Needle
40%
2D MV Shiho 1st Focus 1
20%
2D MV Mizuki 5th Focus Bake no Hana
20%
3D MV Ena & Mizuki Charles
20%
3D MV Akito 1st Focus Cinema
20%
2D MV Vivid Bad Squad Movie Song Fire Dance
20%
3D MV Kohane 2nd Focus Flyer !
20%
2D MV Honami 3rd Focus Flyway
20%
3D MV Saki 2nd Focus From Tokyo
20%
No MV Leo/need feat. Miku From Y to Y
20%
2D MV More More Jump Movie Song Fun!!
20%
No MV Mafuyu & Ena feat. Miku Hello / How are You
20%
2D MV Ichika feat. Miku Hibana -Reloaded-
20%
2D MV Kohane 3rd Focus Hitsuji ga Ippiki
20%
3D MV More More Jump 1st Focus Idol Shin'eitai
20%
3D MV Mizuki 1st Focus ID Smile
20%
2D MV Kanade feat. Miku Inochi ni Kirawarete Iru
20%
2D MV Mafuyu 1st Focus Jackpot Sad Girl
20%
3D MV Ena 1st Focus Kagirinaku Haiiro e
20%
2D MV Mizuki 4th Focus Kitty
20%
No MV More More Jump feat. Meiko Mousou Aspartame
20%
3D MV Ichika 2nd Focus Order Made
20%
2D MV Mafuyu & Mizuki feat. Miku Otome Kaibou
20%
3D MV Rui 1st Focus Potato ni Natte Iku
20%
3D MV Vivid Bad Squad 1st Focus Ready Steady
20%
3D MV Honami 4th Focus Regulus
20%
2D MV Ichika feat. Miku Roku-chou Nen to Ichiya Monogatari
20%
3D MV Mafuyu 2nd Focus Saisei
20%
3D MV Kanade 3rd Focus Samsa
20%
3D MV 25-ji, Nightcord de. feat. Len Shadow Shadow
20%
2D MV Wonderlands x Showtime Movie Song Smile*Symphony
20%
3D MV Honami 2nd Focus Stage of Sekai
20%
3D MV Saki 1st Focus Stella
20%
2D MV Leo/need Movie Song Story
20%
3D MV Ichika feat. Miku Teo
20%
3D MV Ichika 3rd Focus The Wall
20%
No MV Mafuyu & Mizuki Usseewa
20%
3D MV Ena 5th Focus Yoka ni Mitorete
20%
3D MV Wonderlands x Showtime feat. Luka 1000-nen Ikiteru
0%
No MV Wonderlands x Showtime feat. Miku 1925
0%
3D MV Kanade 4th Focus 25-ji no Jounetsu
0%
No MV More More Jump feat. Len 8:32
0%
2D MV Tsukasa 2nd Focus 88
0%
No MV Wonderlands x Showtime feat. Len Aa, Subarashiki Nyansei
0%
3D MV Vivid Bad Squad feat. Miku About Me
0%
3D MV An 6th Focus Accelerate
0%
2D MV Haruka 1st Focus Ai no Material
0%
2D MV Saki 4th Focus Aioi
0%
3D MV Mafuyu & Ena feat. Miku Aishite Aishite Aishite
0%
3D MV Vivid Bad Squad feat. Rin Akuma no Odorikata
0%
3D MV More More Jump feat. Kaito Akuyaku ni Kiss Scene wo
0%
No MV Emu & Nene feat. Miku Alien Alien
0%
3D MV Emu 6th Focus All-Save Challenge
0%
2D MV Vivid Bad Squad feat. Miku Alter Ego
0%
2D MV Leo/need Amanojaku
0%
No MV Akito & Toya feat. Len Ame to Petra
0%
2D MV Shizuku 6th Focus Anata no Sora ga Naku no Nara
0%
No MV Kanade & Mafuyu feat. Rin & Len Ano Natsu ga Houwa Suru.
0%
2D MV Haruka 5th Focus Anti You
0%
No MV Ichika feat. Miku Aoku Kakero!
0%
2D MV Minori 6th Focus Ari no Mama no Story wo
0%
No MV Ichika & Honami feat. Miku Asagao no Chiru Koro ni
0%
2D MV Ichika Asu no Yozora Shoukaihan
0%
2D MV Leo/need feat. Len Attract Light
0%
No MV Akito & Toya Aun no Beats
0%
2D MV An 2nd Focus Awake Now
0%
2D MV 25-ji, Nightcord de. Thouhou Collaboration Bad Apple !!
0%
3D MV Leo/need feat. Luka Batsubyou
0%
2D MV Kohane 1st Focus Beat Eater
0%
3D MV Vivid Bad Squad 2nd Focus Beyond the Way
0%
3D MV 25-ji, Nightcord de. feat. Miku Bitter Choco Decoration
0%
3D MV Toya 4th Focus Blender
0%
2D MV Mafuyu & Mizuki Bocca Della Verita
0%
2D MV Nene 5th Focus Boku no Kami-sama
0%
2D MV Ichika & Shiho feat. Miku Bokura Mada Underground
0%
2D MV More More Jump feat. Rin Booo !
0%
2D MV Tsukasa & Emu & Rin & Len Bouken no Sho ga Kiemashita !
0%
2D MV Mafuyu 3rd Focus Bug
0%
3D MV Tsukasa & Rui feat. Len Buriki no Dance
0%
No MV Ichika & Shiho feat. Miku Calc.
0%
2D MV Vivid Bad Squad feat. Miku Call Boy
0%
No MV More More Jump feat. Miku Cat Food
0%
3D MV Kanade & Ena feat. Luka Cat Loving
0%
No MV Vivid Bad Squad feat. Rin Ch4nge
0%
3D MV Wonderlands x Showtime feat. Miku Chigau !!!
0%
2D MV Haruka & Shizuku feat. Luka Chikyuu Saigo no Kokuhaku wo
0%
3D MV Vivid Bad Squad feat. Len Children Record
0%
3D MV Wonderlands x Showtime Chururira Chururira Daddadda !
0%
No MV Tsukasa & Rui feat. Len Chuubyou Gekihatsu Boy
0%
3D MV Shizuku 1st Focus Color of Drops
0%
2D MV Akito 4th Focus Crazy
0%
No MV Kanade & Ena feat. Luka Cute na Kanojo
0%
2D MV Kanade & Mafuyu feat. Miku Cutlery
0%
2D MV Rui 4th Focus Cyberpunk Dead Boy
0%
No MV More More Jump feat. Miku Dame Nigen da !
0%
3D MV Emu & Nene feat. Miku Dance Robot Dance
0%
2D MV Tsukasa & Rui feat. Len Dappou Rock
0%
2D MV Minori & Haruka feat. Miku Darling Dance
0%
3D MV Vivid Bad Squad feat. Miku Daybreak Frontline
0%
2D MV Kanade & Mizuki feat. Miku Deichuu ni Saku
0%
2D MV Akito & Toya feat. Kaito Doctor=Funk Beat
0%
No MV Mafuyu & Ena feat. Miku Dokuzu
0%
2D MV Rui 3nd Focus Donna Ketsumatsu ga Onozomi dai ?
0%
No MV Wonderlands x Showtime feat. Luka Do Re Mi Fa Rondo
0%
3D MV Ichika feat. Miku Dramaturgy
0%
3D MV More More Jump feat. Luka Dreamin Chuchu
0%
3D MV Minori 3rd Focus Dream Place
0%
3D MV Kohane & An feat. Rin & Luka Drop Pop Candy
0%
No MV Vivid Bad Squad feat. Miku E? Aa, Sou
0%
3D MV Vivid Bad Squad feat. Luka Echo
0%
3D MV Vivid Bad Squad feat. Meiko Egoist
0%
3D MV Wonderlands x Showtime feat. Len Ego Rock
0%
3D MV Airi 6th Focus Eleventh
0%
2D MV Mafuyu 5th Focus Empurple
0%
3D MV Mafuyu 4th Focus Engeki
0%
3D MV 25-ji, Nightcord de. feat. Rin Envy Baby
0%
No MV Leo/need feat. Miku Envy Catwalk
0%
No MV Haruka & Shizuku feat. Len & Kaito Erase or Zero
0%
3D MV Rui 5th Focus Eyelid
0%
2D MV Akito 6th Focus Fighter
0%
3D MV Tsukasa 4th Focus Filament Fever
0%
2D MV Tsukasa & Rui Fixer
0%
2D MV Haruka 3rd Focus Float Planner
0%
3D MV More More Jump feat. Miku Flos
0%
3D MV An 1st Focus Forward
0%
3D MV Akito & Toya Fragile
0%
3D MV Akito 5th Focus Fuel
0%
No MV Akito & Toya feat. Len Garando
0%
2D MV Ena & Mizuki feat. Miku Gehenna
0%
2D MV Akito 2nd Focus Gekkou
0%
2D MV An 4th Focus Gekokujo
0%
No MV Ichika feat. Miku Ghost Rule
0%
2D MV Nene 2nd Focus Glory Steady Go !
0%
3D MV Leo/need feat. Miku Glow
0%
2D MV Wonderlands x Showtime Goodbye Sengen
0%
No MV Leo/need feat. Miku Hajimete no Koi ga Owaru Toki
0%
3D MV Nene 4th Focus Hakoniwa no Coral
0%
2D MV Saki 7th Focus Hanamusubi
0%
3D MV Vivid Bad Squad feat. Miku Hana ni Kaze
0%
No MV Akito & Toya feat. Miku Hana Obore
0%
No MV More More Jump feat. Rin Happy Halloween
0%
3D MV More More Jump Happy Synthesizer
0%
2D MV Honami 1st Focus Hare wo Matsu
0%
3D MV Shizuku 5th Focus Hashiru! Tooku! Todoku!
0%
3D MV Toya 5th Focus Haven
0%
3D MV Leo/need feat. Luka Hello, Worker
0%
2D MV Leo/need feat. Miku Hello, world !
0%
3D MV Leo/need feat. Miku Henceforth
0%
No MV Ichika & Honami feat. Miku Hide and Seek
0%
No MV Wonderlands x Showtime feat. Kaito Hito Mania
0%
3D MV Kanade & Mizuki feat. Miku Hitorinbo Envy
0%
2D MV Ichika 4th Focus Hoshi wo Tsunagu
0%
3D MV Nene 3nd Focus Hoshizora no Melody
0%
3D MV Emu 3nd Focus Hoshizora Orchestra
0%
No MV Akito & Toya feat. Rin & Len How-To Sekai Seifuku
0%
2D MV Shizuku 4th Focus Hug
0%
2D MV Leo/need Collaboration Hurray
0%
3D MV Airi 2nd Focus Ice Drop
0%
3D MV Haruka 2nd Focus If
0%
3D MV Akito & Toya feat. Kaito Ifuudoudou
0%
3D MV Ichika & Saki feat. Miku Ikanaide
0%
No MV Kanade & Mizuki feat. Meiko Ikiru
0%
2D MV Ena 3rd Focus I Nandesu
0%
No MV 25-ji, Nightcord de. feat. Meiko Inochi Bakkari
0%
3D MV Leo/need 2nd Focus Integral
0%
No MV 25-ji, Nightcord de. feat. Len Irony
0%
No Mv Wonderlands x Showtime feat. Rin I~ya I~ya I~ya
0%
3D MV Kanade & Mafuyu feat. Miku Jishou Mushoku
0%
3D MV Minori 5th Focus Jumpin' Over !
0%
No MV Kohane & An feat. Luka Just Be Friends
0%
No MV Leo/need feat. Miku Kagerou Daze
0%
3D MV Leo/need feat. Meiko Kaisei
0%
3D MV Wonderlands x Showtime feat. Miku Kami no Manimani
0%
2D MV 25-ji, Nightcord de. feat. Miku Kamippoi na
0%
2D MV Kanade 1st Focus Kanadetomosusora
0%
3D MV More More Jump feat. Miku Karakuri Pierrot
0%
3D MV Akito 3rd Focus Kashika
0%
3D MV Mizuki 6th Focus Kazatte
0%
2D MV 25-ji, Nightcord de. 2nd Focus Keitai Renwa
0%
No MV Leo/need feat. Miku Kibou no Tsuki
0%
3D MV Airi 5th Focus Killer
0%
3D MV More More Jump feat. Miku Kimagure Mercy
0%
3D MV Leo/need feat. Meiko Kimi ga Tobioriro no Naraba
0%
3D MV Mizuki 3rd Focus Kimi no Yoru wo Kure
0%
2D MV Tsukasa & Rui King
0%
No MV Vivid Bad Squad feat. Len Kinmokusei
0%
2D MV Emu 4th Focus Kirapipi Kirapika
0%
No MV More More Jump feat. Luka Kisaragi Attention
0%
No MV Kohane & An feat. Miku Koi wa Sensou
0%
No MV Kanade & Mafuyu feat. Len Kokoronashi
0%
2D MV More More Jump feat. Miku Kokoroyohou
0%
No MV Wonderlands x Showtime feat. Meiko Kono Fuzaketa Subarashiki Sekai wa, Boku no Tame ni Aru
0%
3D MV Shiho 6th Focus Kono Manma de Ikou
0%
3D MV Wonderlands x Showtime feat. Kaito Konton Boogie
0%
No MV Wonderlands x Showtime feat. Kaito Kosho Yashiki Satsujin Jiken
0%
3D MV Kanade 6th Focus Koufuku Kei
0%
2D MV Kohane 6th Focus Kousenka
0%
No MV 25-ji, Nightcord de. feat. Miku Kusari no Shoujo -Re Alive-
0%
No MV More More Jump feat. Meiko Kuu ni Naru
0%
3D MV 25-ji, Nightcord de. 1st Focus Kuyamu to Kaite Mirai
0%
2D MV Wonderlands x Showtime feat. rin Kyoufuu All Back
0%
No MV Wonderlands x Showtime feat. Rin Kyou mo Harebare
0%
2D MV More More Jump feat. Meiko Kyuu Kurarin
0%
No MV Kanade & Mizuki feat. Meiko Lag Train
0%
3D MV Wonderlands x Showtime feat. Kaito Liar Dancer
0%
2D MV Minori & Haruka feat. Miku Lonely Universe
0%
3D MV Leo/need feat. Miku Lost and Found
0%
3D MV Ichika & Shiho feat. Rin Lost One no Goukoku
0%
3D MV 25-ji, Nightcord de. feat. Rin Lost Umbrella
0%
3D MV Wonderlands x Showtime feat. Meiko Love ka ?
0%
2D MV Mizuki 2nd Focus Lower
0%
3D MV An 3rd Focus Machi
0%
No MV More More Jump feat. Rin Mahou Shoujo to Chocolate
0%
3D MV Vivid Bad Squad feat. Luka Marshall Maximizer
0%
2D MV Minori & Airi feat. Miku Marshmary
0%
No Mv Minori & Shizuku feat. Luka Mawaru Sora Usagi
0%
No Mv More More Jump feat. Rin Melancholic
0%
3D MV More More Jump feat. Miku Melty Land Nightmare
0%
3D MV Kanade & Mafuyu feat. Miku Meru
0%
2D MV Shizuku 2nd Focus Metamo Re:born
0%
No MV Kohane & An feat. Meiko Mikazuki Step
0%
2D MV Minori & Shizuku feat. Miku Milk Crown on Sonechka
0%
3D MV 25-ji, Nightcord de. feat. Miku Mind Brand
0%
3D MV Wonderlands x Showtime feat. Miku Miracle Paint
0%
3D MV Toya 2nd Focus Mirai
0%
3D MV Airi 4th Focus Momoiro no Kagi
0%
2D MV Airi 1st Focus More! Jump! More
0%
3D MV More More Jump 2nd Focus Motto !!!!
0%
2D MV Kanade & Ena feat. Miku Mousou Kanshou Daishou Renmei
0%
3D MV Leo/need feat. Kaito Mozaik Role (Reloaded)
0%
2D MV Tsukasa 3nd Focus Mr. Showtime
0%
3D MV Minori & Haruka feat. Miku Near
0%
No MV Emu & Nene feat. Miku Netoge Haijin Sprechchor
0%
3D MV 25-ji, Nightcord de.feat. Kaito Netsu Ijou
0%
3D MV Emu 2nd Focus Niccori^^Chousai-tai no Theme
0%
3D MV Mafuyu 6th Focus Nihil-san
0%
2D MV Nene 1st Focus Nijiiro Stories
0%
3D MV Vivid Bad Squad feat. Meiko Nisemono Ningen 40-gou
0%
3D MV Ena 2nd Focus Nomad
0%
3D MV 25-ji, Nightcord de. feat. Miku Non-Breath Oblige
0%
2D MV Tsukasa & Rui feat. Len Nonsense Bungaku
0%
2D MV Haruka & Shizuku feat. Meiko Nostalogic
0%
3D MV Vivid Bad Squad feat. Miku Nounai Kakumei Girl
0%
No MV Wonderlands x Showtime feat. Len Ochame Kinou
0%
No MV Kohane & An Odo
0%
2D MV Wonderlands x Showtime feat. Luka Odore Orchestra
0%
3D MV Leo/need feat. Kaito Odoryanse
0%
3D MV Wonderlands x Showtime feat. Len Oki ni Mesu Mama
0%
3D MV Tsukasa & Nene feat. Rin & Len Okochama Sensou
0%
2D MV Emu 1st Focus Once Upon a Dream
0%
3D MV Emu 5th Focus Opera! Space Opera !
0%
3D MV More More Jump feat. Rin Override
0%
3D MV Kohane & An feat. Miku & Rin PaIII Sensation
0%
2D MV Airi 3rd Focus Parasol Cider
0%
2D MV Shiho 2nd Focus Peaky Peaky
0%
2D MV Kohane & An feat. Miku & Meiko Pheles
0%
3D MV 25-ji, Nightcord de. feat. Meiko Phony
0%
3D MV Haruka 6th Focus Polar Star
0%
No MV More More Jump feat. Rin Poppin' Candy Fever !
0%
2D MV Emu & Nene feat. Rin Positive Dance Time
0%
3D MV Shiho 4th Focus Purpose
0%
No MV Emu & Nene feat. Meiko Queen
0%
2D MV Toya 1st Focus Rad Dogs
0%
3D MV Ichika feat. Miku Ray
0%
3D MV Kohane 4th Focus Realize
0%
2D MV An 5th Focus Rekka
0%
2D MV Minori & Airi feat. Miku Ren'ai Saiban
0%
3D MV Kohane & An feat. Rin & Len Rettou Joutou
0%
No MV Emu & Nene feat. Rin & Len Rimokon
0%
No MV Ichika & Saki feat. Len Ringo Uri no Utakata Shoujo
0%
No MV Leo/need feat. Miku Rocket Cider
0%
3D MV Ichika feat. Miku Roki
0%
3D MV Airi & Shizuku feat. Miku Romeo to Cinderella
0%
3D MV More More Jump feat. Len Ruma
0%
3D MV Vivid Bad Squad feat. Kaito Rumor
0%
2D MV Ichika 1st Focus Ryuusei no Pulse
0%
No MV 25-ji, Nightcord de. feat. Miku Saihate
0%
2D MV More More Jump feat. Miku Sayonara Princess
0%
2D MV Tsukasa 6th Focus Sayonara Tengoku Mata Kitte Jigoku
0%
3D MV Tsukasa 5th Focus Seibai ItaAAAAAsu !
0%
3D MV Wonderlands x Showtime 1st Focus Sekai wa Mada Hajimatte Sura Inai
0%
3D MV Wonderlands x Showtime 3nd Focus Sekai wo Terasu Tetrad
0%
3D MV Minori & Airi feat. Rin Setsuna Trip
0%
No MV Vivid Bad Squad feat. Len Shama
0%
No MV Vivid Bad Squad feat. Kaito Shanti
0%
No MV Leo/need feat. Rin Shinkai City Underground
0%
No Mv More More Jump feat. Miku Shinkai Shoujo
0%
2D MV Ichika & Honami feat. Miku Shinpakusuu #0822
0%
3D MV 25-ji, Nightcord de. feat. Meiko Shippaisaku Shoujo
0%
3D MV More More Jump feat. Miku Shiroi Yuki no Princess wa
0%
3D MV Haruka & Shizuku feat. Miku Shoujo Rei
0%
3D MV Rui 2nd Focus Showtime Ruler
0%
2D MV Vivid Bad Squad feat. Meiko Shunran
0%
No MV Leo/need feat. Luka Shuuen Touhikou
0%
No MV 25-ji, Nightcord de. feat. Miku Slow Downer
0%
No MV More More Jump feat. Len Snooze
0%
2D MV 25-ji, Nightcord de. Movie Song Soko ni Aru, Hikari.
0%
3D MV Ena 6th Focus Sono E Namae wa
0%
2D MV Saki 6th Focus Sono Oto ga Naru Nara
0%
2D MV Ichika 5th Focus Soredemo Bokura wa Utau Koto wo Yamenai
0%
2D MV Kanade & Ena feat. Luka Sore ga Anata no Shiawase to Shite mo
0%
3D MV Ichika 6th Focus Star
0%
No MV 25-ji, Nightcord de. feat. Kaito Suicide Parade
0%
3D MV Emu & Rui feat. Miku Sukina Koto Dake Ii desu
0%
No MV Ichika & Saki feat. Luka Summertime Record
0%
2D MV Haruka & Airi feat. Kaito Superhero
0%
3D MV Haruka 4th Focus Supernova
0%
3D MV Saki 5th Focus Suresure
0%
No MV Vivid Bad Squad feat. Luka Surges
0%
3D MV Wonderlands x Showtime feat. Rin Sweet Magic
0%
2D MV Shiho 5th Focus Sympathy
0%
No MV Akito & Toya feat. Kaito Taemanaku Aiiro
0%
2D MV Wonderlands x Showtime feat. Miku Taiyoukei Disco
0%
2D MV Minori 4th Focus Teammate
0%
2D MV Kohane & An feat. Miku Teikoku Shoujo
0%
2D MV Wonderlands x Showtime feat. Len Telecaster B-Boy
0%
No MV Ichika & Shiho feat. Rin Tengaku
0%
No MV Wonderlands x Showtime feat. Miku Tensei Ringo
0%
3D MV Minori 1st Focus Tenshi no Clover
0%
2D MV Saki 3rd Focus Teratera
0%
3D MV Ichika & Saki feat. Miku Time Machine
0%
2D MV Emu 7th Focus Tobisade ! Wonder-Pyoi
0%
3D MV More More Jump feat. Meiko Tokyo Summer Session
0%
3D MV Leo/need feat. Rin Tokyo Teddy Bear
0%
3D MV Tsukasa 1st Focus Tondemo Wonderz
0%
No Mv Haruka & Airi feat. Miku Torinoko City
0%
No MV Mafuyu & Ena feat. Miku Totemo Itai Itagaritai
0%
3D MV 25-ji, Nightcord de. feat. Miku Totemo Suteki na Rokugatsu Deshita
0%
2D MV Wonderlands x Showtime Touhou Collaboration Touhou Wonderland
0%
2D MV Toya 6th Focus Touka Suru Ondo
0%
3D MV Leo/need feat. Len Toumei Elegy
0%
2D MV Honami 5th Focus Toumei na Palette
0%
2D MV Vivid Bad Squad feat. Rin Traffic Jam
0%
2D MV Kanade 2nd Focus Tricologe
0%
3D MV Airi & Shizuku feat. Miku Tsugihagi Staccato
0%
3D MV 25-ji, Nightcord de. 3rd Focus Twilight Light
0%
3D MV Kohane 5th Focus Ultra C
0%
3D MV Ichika & Honami feat. Miku Umiyuri Kaiteitan
0%
2D MV Toya 3rd Focus Utsuro wo Aogu
0%
3D MV More More Jump feat. Miku Vampire
0%
No MV Ena & Mizuki Venom
0%
3D MV Mafuyu & Mizuki Villain
0%
2D MV More More Jump feat. Miku Viva Happy
0%
3D MV Shiho 3rd Focus Voices
0%
No MV Emu & Nene feat. Miku Wagamama Hime
0%
No MV Tsukasa & Rui feat. Len Wakusei Loop
0%
2D MV More More Jump Collaboration Warera Stain Busters !
0%
2D MV Ena 4th Focus Watashi wa Ame
0%
3D MV Shizuku 3rd Focus Watashi wa, Watashitachi wa
0%
No MV Vivid Bad Squad feat. Luka Wave
0%
No Mv Leo/need feat. Kaito World Lampshade [reunion]
0%
2D MV Minori 2nd Focus Worldwide Wander
0%
3D MV Vivid Bad Squad feat. Kaito Yankee Boy Yankee Girl
0%
3D MV Wonderlands x Showtime feat. rin Yi Er Fanclub
0%
No MV Akito & Toya feat. Len Yobanashi Deceive
0%
3D MV Vivid Bad Squad feat. Meiko Yoidore Shirazu
0%
2D MV Leo/need feat. Rin Yomosugara Kimi Omou
0%
No MV Kanade & Miku Yoru ni Kakeru
0%
3D MV Nene 6th Focus Yuke
0%
No MV Akito & Toya feat. Kaito Yuurei Tokyo
0%
No MV Vivid Bad Squad feat. Miku YY
0%
Aucun quiz correspondant
Distribution des résultats
% des personnes avec chaque résultat
Percentile par nombre de réponses
Votre historique - résultats
Vous n’avez pas pris ce quiz depuis la dernière actualisation